| 000 | 00512nam a2200181Ia 4500 | ||
|---|---|---|---|
| 999 |
_c9382 _d9382 |
||
| 003 | OSt | ||
| 005 | 20191231115954.0 | ||
| 008 | 190216s9999||||xx |||||||||||||| ||und|| | ||
| 040 | _coclc | ||
| 082 |
_a330.1 _bHAL/E |
||
| 100 |
_a Halm, George N _9951 |
||
| 245 | 0 |
_aEconomic Systems / _cGeorge N Halm |
|
| 250 | _a6th ed. | ||
| 260 |
_bOxford And Ibh Publishing Co. Pvt Ltd, _c1978. _aNew Delhi: |
||
| 300 | _a420p | ||
| 650 | _aEconomics | ||
| 942 |
_cBK _2ddc _h330.1 _iHAL/E _k330.1 _mHAL/E |
||